| 000 | 00467 a2200109 4500 | ||
|---|---|---|---|
| 022 | _a03051315 | ||
| 082 | _a307.12 HIN | ||
| 100 | _aHine, J. L. | ||
| 245 |
_aTRRL Supplementry Report 809 Transport and Road Research Laboratory : Accessibility , Transport Costs and Food Marketing in the Ashanti Region of Ghana / _cJ. L. Hine, J. D. N. Riverson, E. A. Kwakye |
||
| 260 |
_aBerkshire : _bTransport and Road Research Laboratory, _c1983 |
||
| 300 |
_a25 cm _bill. ; _c30 cm |
||
| 650 | _aTransport -- food | ||
| 999 |
_c2063 _d2063 |
||